MyGZULibrary

Understanding social psychology across cultures : (Record no. 7679)

MARC details
000 -LEADER
fixed length control field 02164cam a2200409 i 4500
001 - CONTROL NUMBER
control field 17539567
003 - CONTROL NUMBER IDENTIFIER
control field GZU
005 - DATE AND TIME OF LATEST TRANSACTION
control field 20210512092442.0
008 - FIXED-LENGTH DATA ELEMENTS--GENERAL INFORMATION
fixed length control field 121126s2013 caua b 001 0 eng d
010 ## - LIBRARY OF CONGRESS CONTROL NUMBER
LC control number 2012954630
015 ## - NATIONAL BIBLIOGRAPHY NUMBER
National bibliography number GBB343710
Source bnb
020 ## - INTERNATIONAL STANDARD BOOK NUMBER
International Standard Book Number 9781446267103 (hbk.)
035 ## - SYSTEM CONTROL NUMBER
System control number (OCoLC)ocn859837751
040 ## - CATALOGING SOURCE
Original cataloging agency UAB
Language of cataloging eng
Transcribing agency UAB
Description conventions rda
Modifying agency OCLCO
-- WIS
-- UKMGB
-- TXI
-- OCLCF
-- YDXCP
-- VRC
-- DLC
042 ## - AUTHENTICATION CODE
Authentication code lccopycat
050 00 - LIBRARY OF CONGRESS CALL NUMBER
Classification number HM1033
Item number .SMI 2013
082 04 - DEWEY DECIMAL CLASSIFICATION NUMBER
Classification number 302
Edition number 23
100 1# - MAIN ENTRY--PERSONAL NAME
Personal name Smith, Peter Bevington.
245 10 - TITLE STATEMENT
Title Understanding social psychology across cultures :
Remainder of title engaging with others in a changing world /
Statement of responsibility, etc. Peter B. Smith [and 3 others].
250 ## - EDITION STATEMENT
Edition statement Second edition.
264 #1 - PRODUCTION, PUBLICATION, DISTRIBUTION, MANUFACTURE, AND COPYRIGHT NOTICE
Place of production, publication, distribution, manufacture Los Angeles, California :
Name of producer, publisher, distributor, manufacturer SAGE,
Date of production, publication, distribution, manufacture, or copyright notice [2013]
300 ## - PHYSICAL DESCRIPTION
Extent xvi, 464 pages :
Other physical details illustrations,
Dimensions 24 cm.
336 ## - CONTENT TYPE
Content type term text
Source rdacontent
337 ## - MEDIA TYPE
Media type term unmediated
Source rdamedia
338 ## - CARRIER TYPE
Carrier type term volume
Source rdacarrier
504 ## - BIBLIOGRAPHY, ETC. NOTE
Bibliography, etc. note Includes bibliographical references (pages [407]-456) and indexes.
505 0# - FORMATTED CONTENTS NOTE
Formatted contents note sect. 1. Establishing the framework -- Why does social psychology need a cross-cultural perspective? -- Clarifying the way forward with culture : theories and frameworks -- The origins and dynamics of culture -- How to do cross-cultural psychology -- sect. 2. Core aspects of social psychology in cross-cultural perspective -- Cognition, motivation and emotion -- Self and identity processes -- Cultural norms and socialisation processes -- Interpersonal behaviour -- Group processes -- sect. 3. The world in flux -- Intercultural contact -- Intergroup relations -- Acculturation -- Globalisation and cultural change -- The unfinished agenda.
650 #0 - SUBJECT ADDED ENTRY--TOPICAL TERM
Topical term or geographic name entry element Social psychology
Form subdivision Cross-cultural studies.
650 #0 - SUBJECT ADDED ENTRY--TOPICAL TERM
Topical term or geographic name entry element Ethnopsychology.
650 #7 - SUBJECT ADDED ENTRY--TOPICAL TERM
Topical term or geographic name entry element Ethnopsychology.
Source of heading or term fast
Authority record control number or standard number (OCoLC)fst00916198
650 #7 - SUBJECT ADDED ENTRY--TOPICAL TERM
Topical term or geographic name entry element Social psychology.
Source of heading or term fast
Authority record control number or standard number (OCoLC)fst01122816
655 #7 - INDEX TERM--GENRE/FORM
Genre/form data or focus term Cross-cultural studies.
Source of term fast
Authority record control number or standard number (OCoLC)fst01423769
906 ## - LOCAL DATA ELEMENT F, LDF (RLIN)
a 7
b cbc
c copycat
d 2
e ncip
f 20
g y-gencatlg
942 ## - ADDED ENTRY ELEMENTS (KOHA)
Source of classification or shelving scheme Library of Congress Classification
Koha item type Books
Classification part 1033
Item part SMI
Call number prefix HM
Holdings
Withdrawn status Lost status Damaged status Not for loan Collection code Home library Current library Shelving location Date acquired Total Checkouts Full call number Barcode Date last seen Copy number Price effective from Koha item type
        Non-fiction Mashava Campus Library Mashava Campus Library General Stacks 05/12/2021   HM1033SMI2013 028819 05/12/2021 c.1 05/12/2021 Books